Sports Quiz

Random Sports or Football Quiz

Super Bowl Teams Since 2000 Quiz Stats

Quiz Updated Jan 22, 2017

Challenge
Share
Tweet
Embed
Score 0/19 Timer 02:00
43 Plays Today
% Correct
???
78.4%
???
76.9%
???
75.3%
???
75.1%
???
73.7%
???
73.6%
???
73.5%
???
73.1%
???
70.7%
???
70.5%
% Correct
???
68.5%
???
65.6%
???
61.8%
???
60.1%
???
58%
???
56%
???
48%
???
43.7%
???
26.8%

You're not logged in!

Compare scores with friends on all Sporcle quizzes.
Sign Up with Email
OR
Log In

You Might Also Like...

Show Comments

Extras

Top Quizzes Today


Score Distribution

Your Account Isn't Verified!

In order to create a playlist on Sporcle, you need to verify the email address you used during registration. Go to your Sporcle Settings to finish the process.